Southville International School and Colleges
Your cart is empty.
  • Cart
  • Lists
    Public lists Eva Luna New books Lux_list list_1
    Your lists Log in to create your own lists
  • Log in to your account
  • Your cookies
  • Search history
Southville International School and Colleges
  • Advanced search
  • Recent comments
  • Most popular
  • Libraries

Log in to your account

Log in with GOOGLE


If you do not have an external account, but do have a local account, you can still log in:

  1. Home
  2. MARC view: Cavite, su glorioso pasado :
Normal view MARC view ISBD view

Cavite, su glorioso pasado : (Record no. 18581)

[ view plain ]
MARC details
000 -LEADER
fixed length control field 01010nam a22003015a 4500
001 - CONTROL NUMBER
control field 16290248
003 - CONTROL NUMBER IDENTIFIER
control field OSt
005 - DATE AND TIME OF LATEST TRANSACTION
control field 20191119153816.0
008 - FIXED-LENGTH DATA ELEMENTS--GENERAL INFORMATION
fixed length control field 100618s2009 ph ab b 001 0 eng
010 ## - LIBRARY OF CONGRESS CONTROL NUMBER
LC control number 2010338168
020 ## - INTERNATIONAL STANDARD BOOK NUMBER
International Standard Book Number 9789710451043
040 ## - CATALOGING SOURCE
Original cataloging agency DLC
Transcribing agency DLC
042 ## - AUTHENTICATION CODE
Authentication code lcode
043 ## - GEOGRAPHIC AREA CODE
Geographic area code a-ph---
050 ## - LIBRARY OF CONGRESS CALL NUMBER
Classification number DS 689.C6
Item number .P324 2009
082 ## - DEWEY DECIMAL CLASSIFICATION NUMBER
Classification number F 959.902
Item number .C382 2009
245 00 - TITLE STATEMENT
Title Cavite, su glorioso pasado :
Remainder of title Cavite, her impressive history: colonial reports of Buzeta, 1850, huerta, 1865 and Cavada, 1876 /
Statement of responsibility, etc Paular, Regino P.
260 ## - PUBLICATION, DISTRIBUTION, ETC. (IMPRINT)
Place of publication, distribution, etc Cavite :
Name of publisher, distributor, etc Cavite Historical Society,
Date of publication, distribution, etc 2009.
300 ## - PHYSICAL DESCRIPTION
Extent xx, 132 p. :
Other physical details ill., map ;
Dimensions 23 cm.
504 ## - BIBLIOGRAPHY, ETC. NOTE
Bibliography, etc Includes bibliographical references (p. 112-113) and index.
526 ## - STUDY PROGRAM INFORMATION NOTE
Reading level 1210L-1700L
562 ## - COPY AND VERSION IDENTIFICATION NOTE
Number of copies For circulation. 1 copy available in the collection
700 1# - ADDED ENTRY--PERSONAL NAME
Personal name Paular, Regino P.
906 ## - LOCAL DATA ELEMENT F, LDF (RLIN)
a 7
b par
c origode
d 3
e ncip
f 20
g y-gencatlg
942 ## - ADDED ENTRY ELEMENTS (KOHA)
Source of classification or shelving scheme Library of Congress Classification
Koha item type Books
Call number prefix Filipininana
Holdings
Withdrawn status Lost status Source of classification or shelving scheme Damaged status Home library Current library Shelving location Date acquired Source of acquisition Total Checkouts Full call number Barcode Date last seen Copy number Price effective from Koha item type
    Library of Congress Classification   College Library College Library Filipiniana Section 02/27/2013 Donation   DS 689.C6 .P324 2009 C14724 05/08/2018 1 02/27/2013 Books

Cavite, su glorioso pasado :

APA

Paular R. P., . (2009). Cavite, su glorioso pasado. Cavite: Cavite Historical Society.

Chicago

Paular Regino P, . 2009. Cavite, su glorioso pasado. Cavite: Cavite Historical Society.

Harvard

Paular R. P., . (2009). Cavite, su glorioso pasado. Cavite: Cavite Historical Society.

MLA

Paular Regino P, . Cavite, su glorioso pasado. Cavite: Cavite Historical Society. 2009.

  • Place hold
  • Print
  • Cite
  • Add to your cart (remove)
  • Save record
    BIBTEX Dublin Core MARCXML MARC (non-Unicode/MARC-8) MARC (Unicode/UTF-8) MARC (Unicode/UTF-8, Standard) MODS (XML) RIS
  • More searches
    Search for this title in:
    Other Libraries (WorldCat) Other Databases (Google Scholar) Online Stores (Bookfinder.com) Open Library (openlibrary.org)

Exporting to Dublin Core...

SOUTHVILLE LIBRARY

Southville International School and Colleges Library

1281 Tropical Ave. Cor. Luxembourg St., BF Homes International, Las Pinas City

Tel. No. 8256374 / 252358 Loc. 117/146

Powered by Koha